000
00263nam a2200109Ia 4500
008
230907s9999||||xx |||||||||||||| ||und||
082
_a
657.0994
_b
FIN
245
0
_a
Financial accounting /
260
_a
Wiley,
_b
Australia :
_c
2012
300
_a
897 p.
942
_c
BK
999
_c
600968
_d
600968